Contos tradicionais da União Sovietica (Registo nº 2143)
[ vista simples ]
| 000 -Etiqueta do registo | |
|---|---|
| Cabeçalho | 00900nam a22002891 4500 |
| 005 - Identificador da versão | |
| Campo de controlo | 20240813121926.0 |
| 095 ## - | |
| -- | PTBN00346927 |
| 010 ## - Número internacional normalizado dos livros (ISBN) | |
| Número (ISBN) | 505003390X |
| Número (ISBN) | 5-05-003391-8 |
| 100 ## - Dados gerais de processamento | |
| Dados gerais de processamento | 20041102d1990 a y0pory5003 ba |
| 102 ## - Pais de publicação ou produção | |
| País de publicação | |
| 101 1# - Língua de publicação | |
| Língua do texto, banda sonora, etc. | Português |
| Língua do documento no original | Russo |
| 106 ## - Campo de dados codificados: material textual | |
| Dados codificados do material textual | d |
| 105 ## - Campo de dados codificados: livros | |
| Dados codificados dos livros | a z 001fy |
| 215 ## - Descrição física | |
| Indicação específica da natureza do documento e extensão da espécie | 173, [3] p. |
| Outras indicações físicas | il. |
| Dimensões | 22x21 cm |
| 200 1# - Titulo e menção de responsabilidade | |
| Título próprio | Contos tradicionais da União Sovietica |
| Informação de outro título | Federação Russa |
| Primeira menção de responsabilidade | selecção de textos Robert Babloian e Mirlena Chumskaia |
| Outras menções de responsabilidade | trad. Alice Vieira |
| 210 ## - Publicação, Distribuição, etc. | |
| Lugar da edição, distribuição, etc. | Moscovo |
| Nome do editor, distribuidor, etc. | Raduga |
| Data da publicação, distribuição, etc. | cop. 1990 |
| 606 ## - Nome comum usado como assunto | |
| Número de registo de entrada de autoridade | 0000634 |
| Palavra de ordem | Literatura estrangeira juvenil |
| Subdivisão de assunto | Conto |
| 675 ## - Classificação Decimal Universal (CDU) | |
| Notação | 82-34 |
| Edição | 2ª |
| Língua da edição | por |
| 702 #1 - Nome de autor-pessoa física (responsabilidade secundária) | |
| Número de registo de entrada de autoridade | 0000920 |
| Palavra de ordem | Babloian |
| Outra parte do nome não tomada para palavra de ordem | Robert |
| Código de função | Compilador |
| Número de registo de entrada de autoridade | 0000921 |
| Palavra de ordem | Chumskaia |
| Outra parte do nome não tomada para palavra de ordem | Mirlena |
| Código de função | Compilador |
| Número de registo de entrada de autoridade | 0000058 |
| Palavra de ordem | Vieira |
| Outra parte do nome não tomada para palavra de ordem | Alice |
| Datas | 1943- |
| Código de função | Tradutor |
| 942 ## - Elementos de entrada adicionados (Koha) | |
| Tipo de item no Koha | Livro |
| Situação do levantamento | Origin of item (home branch) (coded) | Biblioteca de empréstimo | Código de barras | Cota | Circulation type (not for loan) | Tipo de documento | Nota do exemplar | Damaged status |
|---|---|---|---|---|---|---|---|---|
| Biblioteca Escolar da Coca Maravilhas | Biblioteca Escolar da Coca Maravilhas | BECM6501/04 | 8EST VIE | Livro | Sem mensagem |
